<?xml version="1.0" encoding="UTF-8"?>
<marc:record xmlns:marc="http://www.loc.gov/MARC21/slim">
   <marc:leader>00000nam a2200000 a 4500</marc:leader>
   <marc:datafield ind1="1" ind2=" " tag="100">
      <marc:subfield code="a">Kinney, Jeff</marc:subfield>
      <marc:subfield code="4">aut</marc:subfield>
      <marc:subfield code="e">Verfasser/-in</marc:subfield>
   </marc:datafield>
   <marc:datafield ind1=" " ind2=" " tag="653">
      <marc:subfield code="a">Junge</marc:subfield>
   </marc:datafield>
   <marc:datafield ind1=" " ind2=" " tag="653">
      <marc:subfield code="a">Kinderbuch</marc:subfield>
   </marc:datafield>
   <marc:datafield ind1=" " ind2=" " tag="653">
      <marc:subfield code="a">Filmstar</marc:subfield>
   </marc:datafield>
   <marc:datafield ind1="0" ind2="0" tag="245">
      <marc:subfield code="a">Gregs Filmtagebuch - endlich berühmt!</marc:subfield>
   </marc:datafield>
   <marc:datafield ind1="0" ind2="0" tag="245">
      <marc:subfield code="b">[wie Greg zum Filmstar wurde]</marc:subfield>
   </marc:datafield>
   <marc:datafield ind1="0" ind2="0" tag="245">
      <marc:subfield code="c">Jeff Kinney</marc:subfield>
   </marc:datafield>
   <marc:datafield ind1=" " ind2="1" tag="264">
      <marc:subfield code="a">Bergisch Gladbach</marc:subfield>
      <marc:subfield code="b">Baumhaus-Verl.</marc:subfield>
      <marc:subfield code="c">2010</marc:subfield>
   </marc:datafield>
   <marc:datafield ind1=" " ind2=" " tag="250">
      <marc:subfield code="a">1</marc:subfield>
   </marc:datafield>
   <marc:datafield ind1="1" ind2=" " tag="520">
      <marc:subfield code="a">Am 16. September 2010 kommt die Verfilmung von "Gregs Tagebuch - von Idioten umzingelt!" ins Kino. Der 1. Band der witzig-schrägen Erlebnisse, Pleiten und Pannen in Tagebuchform war der Auftakt einer originellen Comic-Romanserie (zuletzt Band 4, "Ich war's nicht"), die auch skeptische Wenigleser für die Bücher begeistern konnte. "Gregs Filmtagebuch" ist nun ein vielleicht etwas irreführender Titel für einen Blick hinter die Kulissen bei den Dreharbeiten für den Film. Dieses Making-of wird allerdings in gewohnt lustiger Art präsentiert, mit vielen Fotos, Hintergrundgeschichten und Informationen. Kleine Szenen wie beispielsweise die Diskussion darüber, wie so ein Film denn aussehen könnte, werden in Comicform wiedergegeben. Es ist ein Buch voller Überraschungen, das Grundsätzliches aus dem Filmbusiness verrät und eigentlich ist es das Tagebuch von Jeff Kinney, in dem er festhält, wie seine Romanfigur Greg zum Filmstar wird.</marc:subfield>
   </marc:datafield>
   <marc:datafield ind1=" " ind2=" " tag="020">
      <marc:subfield code="a">9783833936395</marc:subfield>
      <marc:subfield code="9">9783833936395</marc:subfield>
   </marc:datafield>
   <marc:datafield ind1=" " ind2=" " tag="020">
      <marc:subfield code="a">3833936398</marc:subfield>
      <marc:subfield code="9">3833936398</marc:subfield>
   </marc:datafield>
   <marc:datafield ind1=" " ind2=" " tag="500">
      <marc:subfield code="a">Aus dem Engl. von Collin McMahon</marc:subfield>
   </marc:datafield>
   <marc:datafield ind1=" " ind2=" " tag="300">
      <marc:subfield code="a">207 S. : zahlr. Ill. ; 21 cm</marc:subfield>
   </marc:datafield>
</marc:record>
